| 000 | 01200cam a2200349 i 4500 | ||
|---|---|---|---|
| 001 | 17693193 | ||
| 003 | OSt | ||
| 005 | 20250129142502.0 | ||
| 008 | 130411s2013 ke a 000 0 eng | ||
| 010 | _a 2012313736 | ||
| 020 | _a9789966213570 | ||
| 040 |
_aDLC _beng _cDLC _erda |
||
| 042 |
_alcode _apcc |
||
| 043 | _af-ke--- | ||
| 050 | 0 | 0 |
_aHC865 _b.K33 2013 |
| 100 | 1 | _aKabira, Isaiah. | |
| 245 | 1 | 0 |
_aBuilding a working and caring nation : _bMwai Kibaki and the transformation of Kenya / _cconceptualisation, Isaiya Kabira, Francis Kimemia. |
| 264 | 1 |
_a[Nairobi : _bPresidential Press Service, State House, _c2013] |
|
| 300 |
_a247 pages : _bchiefly color illustrations ; _c32 cm |
||
| 336 |
_atext _2rdacontent |
||
| 336 |
_astill image _2rdacontent |
||
| 337 |
_aunmediated _2rdamedia |
||
| 338 |
_avolume _2rdacarrier |
||
| 600 | 1 | 0 |
_aKibaki, Mwai, _d1931- |
| 651 | 0 |
_aKenya _xEconomic conditions _vPictorial works. |
|
| 651 | 0 |
_aKenya _xSocial conditions _vPictorial works. |
|
| 651 | 0 |
_aKenya _xPolitics and government. |
|
| 700 | 1 | _aKimemia, Francis. | |
| 906 |
_a7 _bcbc _corigode _d3 _encip _f20 _gy-gencatlg |
||
| 942 |
_2ddc _cBK |
||
| 999 |
_c4058 _d4058 |
||